| 000 | 00889nam a22001937a 4500 | ||
|---|---|---|---|
| 999 |
_c61811 _d61811 |
||
| 003 | Ge_BSU | ||
| 005 | 20240516150237.0 | ||
| 008 | 240516s2023 ge ||||| |||| 00| 0 geo d | ||
| 020 | _a9789941113857 | ||
| 041 | _ageo | ||
| 080 | _a821.162.3-31 კ-90 | ||
| 100 |
_aკუნდერა, მილან _922104 |
||
| 245 |
_aყოფის აუტანელი სიმსუბუქე : _b[რომანი] / _cმილან კუნდერა ; ჩეხურიდან თარგმნა სულხან მუხიგულაშვილმა. |
||
| 264 |
_aთბილისი : _bდიოგენე, _c2023. |
||
| 300 |
_a314 გვ. ; _b19 სმ. |
||
| 653 | _aჩეხური პროზა. | ||
| 700 |
_aმუხიგულაშვილი, სულხან _eმთარგმნელი _922106 |
||
| 942 |
_2udc _cᲬᲘᲒᲜᲘ |
||